Auditoria de eficiencia en la fuerza área del ejército de Nicaragua en los edificios de Simulación de Vuelos y base de reparaciones aéreas 2015.

Presenta la auditoria de eficiencia en la fuerza área del ejército de Nicaragua en los edificios de Simulación de Vuelos y base de reparaciones aéreas 2015, se realizó un análisis del consumo promedio mensual, demanda máxima en periodo de valle y punta así como el indicador ambiental de cuan...

Full description

Bibliographic Details
Main Authors: Marín Díaz, Carlos Adán, Barcia Picado, Raymundo Efraín
Other Authors: Tutor: Pérez Palma , Donald
Format: Tesis Section = Libro
Language:Undetermined
Spanish
Published: Managua UNI 2015
Subjects:
LEADER 01264nam a2200265Ia 4500
008 240830s9999 xx 000 0 und d
040 |a BIBLIOTECA-RUPAP Mon 621.3 M337 
041 |a spa 
082 |a Mon 621.3 M337 
100 1 |a Marín Díaz, Carlos Adán 
100 1 |b Barcia Picado, Raymundo Efraín 
245 1 0 |a Auditoria de eficiencia en la fuerza área del ejército de Nicaragua en los edificios de Simulación de Vuelos y base de reparaciones aéreas 2015. 
260 |a Managua  |b UNI  |c 2015 
300 |a 84 p. :il. 
500 |a Contiene: anexos y CD. 
502 |a Tesis (Ingeniero Mecánico)- UNI, 2015. 
520 3 |a Presenta la auditoria de eficiencia en la fuerza área del ejército de Nicaragua en los edificios de Simulación de Vuelos y base de reparaciones aéreas 2015, se realizó un análisis del consumo promedio mensual, demanda máxima en periodo de valle y punta así como el indicador ambiental de cuanto dióxido de carbono emiten de manera indirecta. 
650 7 |a AUDITORIA ENERGETICA 
650 7 |b ANALISIS DE CONSUMO ENERGETICO 
650 7 |c EFICIENCIA ENERGETICA 
650 7 |d ANALISIS DE SUMINISTRO ENERGETICO 
700 1 |a Tutor:  |b Pérez Palma , Donald 
942 |c BK  |2 ddc 
991 |a TESIS 
999 |c 15723